Pokémon - Les attaques de Couaneton - Statistiques

Statistiques générales
  • Ce quiz a été pris 13 fois
  • Le résultat moyen est 12 sur 15
Statistiques - réponses
Niveaux Types Noms des attaques % Correct
Niveau 19 Eau Bulles d'O
100%
Niveau 9 Vol Cru-Aile
100%
Départ Eau Pistolet à O
100%
Niveau 13 Eau Vibraqua
100%
Niveau 30 Vol Atterrissage
88%
Niveau 34 Eau Danse Pluie
75%
Niveau 21 Vol Danse-Plume
75%
Niveau 41 Vol Rapace
75%
Niveau 3 Eau Tourniquet
75%
Niveau 46 Vol Vent Violent
75%
Niveau 15 Vol Aéropique
63%
Niveau 27 Vol Lame d'Air
63%
Niveau 37 Vol Vent Arrière
63%
Niveau 24 Eau Anneau Hydro
50%
Niveau 6 Vol Anti-Brume
50%
Aucun quiz correspondant
Distribution des résultats
% des personnes avec chaque résultat
Percentile par nombre de réponses
Votre historique - résultats
Vous n’avez pas pris ce quiz